00337pab a2200121 454500008004000000100002300040245007700063260000900140300001300149362000800162650001400170773003100184180718b2013 xxu||||| |||| 00| 0 eng d aTakahashi, Takaaki aAgglomeration in a city with choosy consumer under imperfect information c2013 ap.28-42. aJul aConsumers aJournal of Urban Economics